Criminological theory (Record no. 87378)
[ view plain ]
| 000 -LEADER | |
|---|---|
| fixed length control field | 00463nam a2200205Ia 4500 |
| 003 - CONTROL NUMBER IDENTIFIER | |
| control field | STCL |
| 008 - FIXED-LENGTH DATA ELEMENTS--GENERAL INFORMATION | |
| fixed length control field | 221019s9999 xx 000 0 und d |
| 020 ## - INTERNATIONAL STANDARD BOOK NUMBER | |
| International Standard Book Number | 9780134558899 |
| 040 ## - CATALOGING SOURCE | |
| Original cataloging agency | STCL |
| Transcribing agency | STCL |
| Language of cataloging | EN |
| 082 ## - DEWEY DECIMAL CLASSIFICATION NUMBER | |
| Edition number | 22 |
| 100 ## - MAIN ENTRY--PERSONAL NAME | |
| Personal name | McShane, Marilyn D |
| 100 ## - MAIN ENTRY--PERSONAL NAME | |
| Personal name | Williams, Frank P |
| 245 #0 - TITLE STATEMENT | |
| Title | Criminological theory |
| 250 ## - EDITION STATEMENT | |
| Edition statement | 7 |
| 260 ## - PUBLICATION, DISTRIBUTION, ETC. (IMPRINT) | |
| Name of publisher, distributor, etc. | Pearson |
| Place of publication, distribution, etc. | USA |
| Date of publication, distribution, etc. | 2018 |
| 300 ## - PHYSICAL DESCRIPTION | |
| Extent | 224 p |
| 365 ## - TRADE PRICE | |
| Price amount | 7499.25 |
| 546 ## - LANGUAGE NOTE | |
| Language note | English |
| 942 ## - ADDED ENTRY ELEMENTS (KOHA) | |
| Koha item type | Book |
| Source of classification or shelving scheme | |
| Edition | |
| Withdrawn status | Lost status | Source of classification or shelving scheme | Damaged status | Not for loan | Home library | Current library | Shelving location | Date acquired | Total Checkouts | Total Renewals | Full call number | Barcode | Date last seen | Date last checked out | Price effective from | Koha item type |
|---|---|---|---|---|---|---|---|---|---|---|---|---|---|---|---|---|
| Santhome Athenaeum | Santhome Athenaeum | General Stacks | 10 | 1 | 364.2 WIL-C | 96772 | 04/10/2025 | 09/09/2025 | 19/10/2022 | Book | ||||||
| Santhome Athenaeum | Santhome Athenaeum | General Stacks | 8 | 1 | 364.2 WIL-C | 97674 | 29/11/2025 | 06/10/2025 | 19/10/2022 | Book |